Sports Quiz

Random Sports or Soccer Quiz

Premier League 15-16 Goalscorers Quiz Stats

 Plays Quiz not verified by Sporcle

Support Sporcle.
Go Orange.
Score 0/265 Timer 20:00
0 Plays Today
Number of goals scored Player % Correct
25Harry Kane
97.5%
24Jamie Vardy
97.1%
24Sergio Aguero
95.7%
16Riyad Mahrez
94.6%
18Romelu Lukaku
94.4%
16Olivier Giroud
93.7%
12Diego Costa
92.6%
14Jermain Defoe
90.5%
8Wayne Rooney
90.5%
13Troy Deeney
90.1%
16Odion Ighalo
89.4%
13Alexis Sanchez
87.6%
11Anthony Martial
87.4%
11Graziano Pelle
82%
10Dele Alli
79.5%
9Dimitri Payet
78.6%
12Andre Ayew
78.4%
4Eden Hazard
78.2%
6Yaya Toure
78.2%
7Jordan Ayew
78.2%
9Christian Benteke
77.7%
11Sadio Mane
77.3%
8Daniel Sturridge
77%
1Kolo Toure
77%
8Ross Barkley
76.6%
6Mesut Ozil
76.1%
10Roberto Firmino
75.5%
11Gylfi Sigurdsson
74.5%
8Coutinho
73.2%
9Andy Carroll
73%
10Shane Long
72.7%
6Christian Eriksen
72.7%
1Tom Carroll
72.5%
1John Terry
72.3%
2David Silva
72.1%
5Willian
71.8%
9Aleksandar Mitrovic
71.4%
11Marko Arnautovic
70.9%
11Georginio Wijnaldum
70.7%
5Theo Walcott
70.3%
1Mamadou Sakho
69.5%
6Raheem Sterling
69.1%
5Callum Wilson
68.7%
6Juan Mata
68.7%
4Wilfried Bony
68.7%
5Diafra Sakho
68.2%
5Marcus Rashford
68%
2Gary Cahill
67.3%
2Andy King
66.3%
5Cesc Fabregas
66%
2Wes Morgan
65.2%
9Jose Salomon Rondon
65.1%
3Oscar
64.9%
3Danny Drinkwater
64.4%
2Jordan Henderson
64.2%
3Robert Huth
64%
5Aaron Ramsey
63.7%
8Dusan Tadic
63.3%
4Enner Valencia
62.8%
5James Milner
62.6%
1Danny Drinkwater
62.4%
6Joshua King
62.2%
2Sung-Yong Ki
62.2%
6Bafetimbi Gomis
61.9%
2Vincent Kompany
61.7%
4Laurent Koscielny
60.8%
2Branislav Ivanovic
59.7%
4Adam Lallana
59.5%
2Wilfried Zaha
59.2%
1Kyle Walker
58.8%
5Erik Lamela
57.7%
2Nemanja Matic
57.4%
3Xherdan Shaqiri
57.2%
1Danny Rose
57.2%
6Leonardo Ulloa
57%
6Ayoze Perez
56.8%
5Jonathan Walters
56.8%
1N'Golo Kante
56.3%
4Danny Welbeck
56.1%
5Arouna Kone
55.9%
5Shinji Okazaki
55.6%
3Eric Dier
55.2%
7Mark Noble
55%
1Hector Bellerin
54.3%
5Yohan Cabaye
54.3%
1Billy Jones
54.1%
5Yannick Bolasie
53.8%
4Saido Berahino
53.4%
3Aleksandar Kolarov
53.4%
Number of goals scored Player % Correct
2Fernandinho
53.4%
4Heung-Min Son
53.2%
1Leighton Baines
52.8%
7Pedro
52.3%
1Darren Fletcher
52%
4Steven Fletcher
51.8%
4Steven Naismith
51.6%
5Divock Origi
51.6%
8Michail Antonio
51.4%
7Kevin De Bruyne
50.9%
3Papiss Demba Cisse
50.7%
2Marc Albrighton
50.5%
1Moussa Sissoko
50.2%
5Scott Dann
50%
2Cesar Azpilicueta
49.8%
2Fernando
49.6%
2Adam Johnson
49.3%
1Loic Remy
49.3%
2Adam Smith
49.1%
1Daley Blind
48.9%
1Alberto Moreno
48.5%
4Kevin Mirallas
48%
1Seamus Coleman
48%
2Lamine Kone
47.6%
3Nacer Chadli
47.5%
2Joel Ward
47.5%
3Moussa Dembele
47.1%
6Nathan Redmond
46.8%
1Marouane Fellaini
46.8%
8Kelechi Iheanacho
46.6%
5Mame Diouf
46.6%
3Cameron Jerome
46.2%
1Alex Oxlade-Chamberlain
45.9%
1Nathaniel Clyne
45.3%
2Memphis Depay
44.8%
1Bastian Schweinsteiger
44.1%
1Martin Skrtel
44.1%
1Emre Can
44.1%
1Kurt Zouma
44.1%
6Manuel Lanzini
43.5%
5Steven Davis
43.5%
1Gabriel Agbonlahor
43.2%
1Nicolas Otamendi
43.2%
4Jesse Lingard
43%
3Ander Herrera
43%
2Aaron Cresswell
43%
5Connor Wickham
43%
4Matt Ritchie
42.3%
1Ashley Young
41.9%
1Charlie Adam
41.9%
4Benik Afobe
41.9%
4Toby Alderweireld
41.9%
5Aaron Lennon
41.7%
1Kieran Gibbs
41.4%
2Ashley Williams
41.4%
3Russell Martin
41.2%
1Jonjo Shelvey
41.2%
2Danny Ings
40.8%
7Dieumerci Mbokani
40.3%
2Samir Nasri
40.1%
3Dwight Gayle
39.5%
1Morgan Schneiderlin
39.4%
1Winston Reid
38.9%
5Rudy Gestede
38.7%
2Jose Fonte
38.5%
7Bojan Krkic
37.8%
3Joel Campbell
37.6%
2Joe Allen
37.6%
2Joleon Lescott
37.4%
4Wesley Hoolahan
36.9%
1James McCarthy
36.7%
5Cheikhou Kouyate
36.5%
1Victor Wanyama
36.4%
1Matteo Darmian
36.3%
1Harry Arter
36.3%
4Steve Cook
36.3%
2Bertrand Traore
36.3%
2Alex Iwobi
36%
1Charlie Austin
35.8%
1Emmanuel Adebayor
35.6%
4Andros Townsend
35.6%
1Falcao
35.4%
1Jonas Olsson
34.7%
1Micah Richards
34.7%
3Glenn Murray
34.5%
1Jordan Ibe
34.1%
1Ryan Mason
33.8%
3James Morrison
33.3%
1Nathan Dyer
33.3%
Number of goals scored Player % Correct
1Jonny Evans
33.3%
1Gareth McAuley
32.9%
2Bakary Sako
32.7%
2Ramires
32.7%
2Fabian Delph
32.2%
2Jason Puncheon
31.8%
2James Ward-Prowse
31.8%
1Jack Colback
31.7%
3Charlie Daniels
31.5%
1Martin Olsson
31.5%
1Ruben Loftus-Cheek
31.5%
4Craig Dawson
31.1%
1Ryan Bertrand
30.6%
2James McArthur
30.2%
2Carl Jenkinson
30.2%
1Victor Moses
29.5%
1Fabricio Coloccini
29.3%
2Damien Delaney
29.3%
1Rickie Lambert
28.6%
5Fabio Borini
27.5%
2Gerard Deulofeu
27%
2Daryl Janmaat
27%
1Ciaran Clark
27%
4Joselu
26.6%
4Ramiro Funes Mori
26.6%
2Scott Sinclair
26.4%
2Tom Cleverley
26.1%
1Kieran Trippier
26.1%
1Jeffrey Schlupp
25.9%
2Ibrahim Afellay
25.5%
1Alexander Pato
25.4%
2Carles Gil
25.2%
1Jack Grealish
25.2%
3Junior Stanislas
25%
3Robbie Brady
25%
1Sebastien Bassong
24.8%
3Mauro Zarate
24.5%
1Cuco Martina
24.5%
2James McClean
24.1%
2Wayne Routledge
23.8%
3Jonathan Howson
23.6%
1Nathan Ake
23.4%
1Gabriel Paulista
23.2%
2Ashley Westwood
22.6%
3Dan Gosling
22.3%
3Marc Pugh
22.3%
1Maya Yoshida
22.3%
3Craig Gardner
22.1%
5Patrick van Aanholt
21.6%
1Kenedy
21.6%
1Max Gradel
21.4%
1Vurnon Anita
21.2%
2Sebastian Prodl
21.2%
2Stephane Sessegnon
21.2%
2Giannelli Imbula
20%
1Paul Dummett
19.6%
3Jeremain Lens
19.4%
3Virgil van Dijk
19.4%
1Adnan Januzaj
19.4%
2Wahbi Khazri
18.5%
1Ben Watson
18.1%
1Nikica Jelavic
17.8%
1Craig Cathcart
17.8%
3Duncan Watmore
17.1%
1Lewis Grabban
17.1%
2Alexander Tettey
16.9%
1Jack Cork
16%
1Chung-Yong Lee
16%
1Federico Fernandez
15.6%
1Ritchie de Laet
15.1%
1Joe Ledley
14.9%
1Jack Rodwell
14%
1Matt Jarvis
13.7%
1Yann M'Vila
13.7%
1Oriol Romeu
13.7%
1Steven Whittaker
13.3%
1Tommy Elphick
12.7%
2Almen Abdi
12.2%
1Jose Holebas
12.1%
1Timm Klose
12%
1Miguel Layun
10.6%
2Jamaal Lascelles
9.9%
1Madou Barrow
8.4%
1Rolando Aarons
7.9%
1Modibo Maiga
7%
2Alberto Paloschi
6.3%
1Dame N'Doye
5.3%

You're not logged in!

Compare scores with friends on all Sporcle quizzes.
OR
Log In

From the Vault

Area Formulas

by SilentOne

If you're wrong, we hope you were at least within the general area.
Remove Ads.
Support Sporcle.
Get the best of Sporcle when you Go Orange. This ad-free experience offers more features, more stats, and more fun while also helping to support Sporcle. Thank you for becoming a member.

Show Comments

Extras

Top Quizzes Today


Score Distribution

Your Account Isn't Verified!

In order to create a playlist on Sporcle, you need to verify the email address you used during registration. Go to your Sporcle Settings to finish the process.

Report this User

Report this user for behavior that violates our Community Guidelines.

Details: